Bodies of water by bordering countries - Statistics

General Stats
  • This quiz has been taken 87 times
  • The average score is 19 of 23
Answer Stats
Answer % Correct
Egypt
100%
Russia
99%
Kenya
97%
Sudan
97%
Canada
96%
Turkey
96%
United States
96%
South Sudan
94%
Greece
93%
Tanzania
93%
Uganda
93%
China
91%
Israel
90%
Jordan
85%
Rwanda
82%
Burundi
81%
Mexico
76%
Germany
69%
Austria
67%
Switzerland
67%
Kazakhstan
63%
Uzbekistan
63%
India
31%
No matching quizzes found
Score Distribution
Percent of People with Each Score
Percentile by Number Answered
Your Score History
You have not taken this quiz